000 00747nam a2200289Ia 4500
005 20260324112418.0
008 008 260324s9999 xx 000 0 eng d
020 _a9781003382928
037 _aEBOOK
040 _aCRL
040 _beng
040 _cCRL
041 _2eng
041 _aeng
084 _qCRL
100 _aDiana McQueen; Jo Williams
_91142587
245 0 _aBuilding an Independent Speech and Language Therapy Practice
245 2 _bA Guide to Support and Inspire Healthcare Practitioners
260 _bTaylor and Francis
260 _c2024
365 _a
365 _b230
856 _uhttp://www.taylorfrancis.com/books/9781003382928
942 _cEBOOK
999 _c1731782
_d1731782